000 01059naa a22002777a 4500
001 BR7503360
003 BR-BrBNA
005 20240918173750.0
007 ta
008 230509b bl.||||| |||| 00| 0 por d
040 _aBR-BrBNA
_bpor
_cBiblioteca Nacional de Agricultura
041 _a(Pt)
072 _aH50; F10
_b2120
_bG514
090 _aH50 BR7503360
100 1 _aCamargo, A.P. de
111 1 _a3. Congresso Brasileiro de Pesquisas Cafeeiras
_cCuritiba, PR (Brazil)
_d18 Nov 1975
245 1 _aCaracteristicas das geadas excepcionalmente severas de julho de 1975 [cafe, Brasil, Sao Paulo]
260 3 _aRio de Janeiro, RJ (Brasil):
_c1975.
500 _aResumos do 3. Congresso Brasileiro de Pesquisas Cafeeiras Rio de Janeiro, RJ (Brasil): 1975. p. 250-252 (BR7503360-AM)H50
650 _aCAFE
650 _aGEADA
650 _aSAO PAULO
773 0 _tResumos do 3. Congresso Brasileiro de Pesquisas Cafeeiras
_wH50 BR7503360
_gRio de Janeiro, RJ (Brasil), 1975. p. 250-252
909 _a202404
_bLucia
_c55
_dLucia Elande
942 _cAM
_2AGRIS
999 _c306740
_d306740